[Event "4NCL Division Four"]
[Site "Daventry, ENG"]
[Date "2023.03.26"]
[Round "8.25"]
[White "Smith, Richard"]
[Black "Isik, Muhammed Oguz"]
[Result "1-0"]
[WhiteElo "1913"]
[BlackElo "1746"]
[PlyCount "41"]
[EventDate "2023.03.26"]
[WhiteTeam "Poole Patzers"]
[BlackTeam "MASCeteers"]

1. d4 Nf6 2. c4 e6 3. Nf3 d5 4. g3 Bb4+ 5. Bd2 Be7 6. Bg2 Nbd7 7. Qc2 O-O 8.
O-O Ne4 9. Nc3 f5 10. cxd5 Nxc3 11. bxc3 exd5 12. c4 dxc4 13. Qxc4+ Kh8 14. Qb3
c6 15. Bf4 Bf6 16. Rad1 Nb6 17. Ne5 Qe7 18. Bc1 Bxe5 19. dxe5 Qxe5 20. Bb2 Qxe2
21. Qf7 1-0

[Event "4NCL Division Four"]
[Site "Daventry, ENG"]
[Date "2023.03.26"]
[Round "8.134"]
[White "Williamson, Chris"]
[Black "Nawalaniec, Leszek"]
[Result "0-1"]
[WhiteElo "1438"]
[BlackElo "1480"]
[PlyCount "142"]
[EventDate "2023.03.26"]
[WhiteTeam "Deaf England"]
[BlackTeam "War and Piece B"]

1. e4 e5 2. Nf3 Nc6 3. Bc4 d6 4. h3 Be7 5. Nc3 Nf6 6. d3 O-O
7. Bd2 Be6 8. Nd5 a5 9. a3 a4 10. b4 axb3 11. Bxb3 Na5 12. Ba2 c6 13. Nxf6+
Bxf6 14. c4 c5 15. Bc3 Nc6 16. Bb3 Qd7 17. Bd2 Bd8 18. a4 f5 19. exf5 Bxf5 20.
Bg5 Ba5+ 21. Bd2 Nb4 22. Bxb4 Bxb4+ 23. Ke2 b6 24. Nh4 Be6 25. Kf1 Rf6 26. Nf3
Raf8 27. Ra2 Qf7 28. Qe2 Bd7 29. Qe4 Bf5 30. Qe2 Bd7 31. Qe4 Bf5 32. Qe3 Qb7
33. Bd1 Bd7 34. Rh2 Ra8 35. Ng5 Bc6 36. Ne4 Bxe4 37. dxe4 Rf4 38. Bf3 Qc6 39. 
g3 Rf7 40. Bg4 Kh8 41. Be6 Rff8 42. Bd5 Qd7 43. Bxa8 Rxa8 44. Qd3 Qe6 45. f4
exf4 46. gxf4 Rf8 47. f5 g6 48. Raf2 gxf5 49. Rf4 Qe8 50. Qd5 Bc3 51. Re2 Qh5
52. Re3 Bd4 53. Qxd6 Qd1+ 54. Re1 Qd3+ 55. Re2 Qd1+ 56. Re1 Qd3+ 57. Re2 Rg8
58. Rff2 Rg1+ 59. Kxg1 Bxf2+ 60. Rxf2 Qxd6 61. exf5 Qg3+ 62. Kf1 Qxh3+ 63. Ke2
Qg4+ 64. Ke1 Qe4+ 65. Kd2 Qd4+ 66. Ke1 Qxc4 67. f6 Qxa4 68. f7 Qa1+ 69. Ke2
Qb2+ 70. Kf1 Qxf2+ 71. Kxf2 Kg7 0-1

[Event "4NCL Division Four"]
[Site "Daventry, ENG"]
[Date "2023.03.26"]
[Round "8.157"]
[White "Shek, Daniel"]
[Black "Foster, Cyril"]
[Result "1/2-1/2"]
[WhiteElo "1602"]
[BlackElo "1710"]
[PlyCount "114"]
[EventDate "2023.03.26"]
[WhiteTeam "Crowthorne B"]
[BlackTeam "Oxford 4"]

1. c4 c5 2. g3 g6 3. Bg2 Bg7 4. Nc3 Nc6 5. e4 e6 6. Nge2 Nge7 7. d3 O-O 8. O-O
Nd4 9. f4 Nec6 10. Be3 d6 11. Rb1 Rb8 12. Nb5 Nxe2+ 13. Qxe2 a6 14. Nc3 Nd4 15.
Bxd4 Bxd4+ 16. Kh1 b5 17. Qc2 b4 18. Ne2 Bg7 19. Rbd1 Qc7 20. b3 Bb7 21. d4
cxd4 22. Nxd4 d5 23. cxd5 Qb6 24. Qd2 Rfd8 25. Rf3 Bxd4 26. Qxd4 Qxd4 27. Rxd4
a5 28. Rfd3 Rbc8 29. Kg1 Rc1+ 30. Kf2 Rc2+ 31. Rd2 Rxd2+ 32. Rxd2 exd5 33. exd5
Kf8 34. Ke3 Ke8 35. Kd4 Rc8 36. Re2+ Kd7 37. Bh3+ f5 38. g4 Rc3 39. Re3 Rxe3
40. Kxe3 fxg4 41. Bxg4+ Kd6 42. Bf3 Bxd5 43. Bxd5 Kxd5 44. Kd3 h6 45. Ke3 Ke6
46. Kd4 Kf5 47. Kc5 Kxf4 48. Kb5 g5 49. Kxa5 g4 50. Kxb4 h5 51. a4 h4 52. a5 g3
53. hxg3+ hxg3 54. a6 g2 55. a7 g1=Q 56. a8=Q Qd4+ 57. Kb5 Qd3+ 1/2-1/2

[Event "4NCL Division Four"]
[Site "Daventry, ENG"]
[Date "2023.03.26"]
[Round "8.159"]
[White "Shek, Kim"]
[Black "Kovalyova, Taisiya"]
[Result "1/2-1/2"]
[WhiteElo "1069"]
[BlackElo "1351"]
[PlyCount "67"]
[EventDate "2023.03.26"]
[WhiteTeam "Crowthorne B"]
[BlackTeam "Oxford 4"]

1. c4 Nf6 2. Nc3 c6 3. d4 d5 4. e3 e6 5. Nf3 Bb4 6. Bd2 O-O 7. Bd3 dxc4 8. Bxc4
c5 9. Ne2 Bxd2+ 10. Qxd2 Ne4 11. Qc2 Qa5+ 12. Nc3 Nxc3 13. Qxc3 Qxc3+ 14. bxc3
Nd7 15. O-O a6 16. a4 Nb6 17. Nd2 Bd7 18. Bb3 Rac8 19. Rfc1 c4 20. Bd1 Nd5 21.
Bf3 Rfe8 22. Ne4 Rc6 23. Nc5 Rc7 24. Bxd5 exd5 25. Nxd7 Rxd7 26. Rcb1 Re6 27.
a5 Kf8 28. Rb2 Ke8 29. Rab1 Ree7 30. Kf1 f5 31. Ke2 f4 32. g3 fxe3 33. fxe3 Kf7
34. Rb6 1/2-1/2